000 00479nam a2200145Ia 4500
008 231129s2013||||xx |||||||||||||| ||spa||
020 _a978-958-7531-12-1
040 _bspa
082 _aCo862.08 L241d
100 _aLamus Obregón Marina
245 0 _aDramaturgia colombiana contemporánea : Antologí­a I y II
260 _c2013
264 _aBogotá Colombia : Ministerio de Cultura. Dirección de Artes ; Paso de Gato
942 _2ddc
_cBKS
999 _c9824
_d9824